|
000
|
00970nam0 2200265 450
|
|
001
|
1743
|
|
005
|
20081127091746.17
|
|
010
|
|
@a978-7-5611-4515-9@b精装@dCNY232.00
|
|
098
|
|
@a1743
|
|
100
|
|
@a20081127d2008 em y0chiy0120 ea
|
|
101
|
0
|
@achi@aeng
|
|
102
|
|
@aCN@b210000
|
|
105
|
|
@aa z 000yy
|
|
106
|
|
@ar
|
|
200
|
1
|
@a设计速递·样板房@Ashe ji su di·yang ban fang@i现代时尚@e英汉对照@f深圳市创扬文化传播有限公司编@g赵欣译
|
|
210
|
|
@a大连@c大连理工大学出版社@d2008.10
|
|
215
|
|
@a271页@c图@d30cm
|
|
330
|
|
@a本书展示了一些具有现代时尚风格的样品房优秀设计作品。美仑美奂的照美图片、精辟地点评,相信会给设计师们带来一些灵感。
|
|
517
|
1
|
@a现代时尚@Axian dai shi shang
|
|
606
|
0
|
@a住宅@Azhu zhai@x室内设计@j图集
|
|
690
|
|
@aTU241@v4
|
|
702
|
0
|
@a赵欣@Azhao xin@4译
|
|
711
|
02
|
@a深圳市创扬文化传播有限公司@Ashen zhen shi chuang yang wen hua chuan bo you xian gong si@4编
|
|
801
|
0
|
@aCN@bCDNYKJZYXY@c20091010
|
|
905
|
|
@aCDNYKJZYXY@dTU241@e54
|
|
|
|
|
| |
| 设计速递·样板房.现代时尚:英汉对照/深圳市创扬文化传播有限公司编/赵欣译.-大连:大连理工大学出版社,2008.10 |
| 271页:图;30cm |
| |
| |
| ISBN 978-7-5611-4515-9(精装):CNY232.00 |
| 本书展示了一些具有现代时尚风格的样品房优秀设计作品。美仑美奂的照美图片、精辟地点评,相信会给设计师们带来一些灵感。 |
| ● |
正题名:设计速递·样板房
索取号:TU241/54
 
预约/预借
| 序号
|
登录号
|
条形码
|
馆藏地/架位号
|
状态
|
备注
|
|
1
|
254382
|
300254382
|
海科密-1楼/23架11列5层/
[索取号:TU241/54]
|
在馆
|
|
|
2
|
254383
|
300254383
|
海科密-1楼/23架12列7层/
[索取号:TU241/54]
|
在馆
|
|